书目信息 |
| 题名: |
彩云追月
|
|
| 作者: | 游彩云 著 | |
| 分册: | ||
| 出版信息: | 北京 北京师范大学出版社 2017 |
|
| 页数: | 220页 | |
| 开本: | 24cm | |
| 丛书名: | 走进广州好教育丛书 | |
| 单 册: | ||
| 中图分类: | G423.1 , G423.1 | |
| 科图分类: | ||
| 主题词: | 教学法--jiao xue fa--中小学教育--文集 | |
| 电子资源: | ||
| ISBN: | 978-7-303-21869-1 | |
| 000 | 00992nam 2200289 450 | |
| 001 | 012001002501 | |
| 005 | 20131029104037.0 | |
| 010 | @a978-7-303-21869-1@dCNY33.00 | |
| 099 | @aCAL 012017079081 | |
| 100 | @a20170426d2017 em y0chiy50 ea | |
| 101 | 0 | @achi |
| 102 | @aCN@b110000 | |
| 105 | @aa z 000yy | |
| 106 | @ar | |
| 200 | 1 | @a彩云追月@Acai yun zhui yue@e游彩云与她的“互动教学”@f游彩云著 |
| 210 | @a北京@c北京师范大学出版社@d2017 | |
| 215 | @a220页@c图@d24cm | |
| 225 | 2 | @a走进广州好教育丛书@Azou jin guang zhou hao jiao yu cong shu@i好教师系列 |
| 330 | @a本书作者以“互动”为关键词,把互动渗透于生命成长的方方面面。 | |
| 410 | 0 | @12001 @a走进广州好教育丛书@i好教师系列 |
| 517 | 1 | @a游彩云与她的“互动教学”@Ayou cai yun yu ta de“hu dong jiao xue” |
| 606 | 0 | @a教学法@Ajiao xue fa@x中小学教育@j文集 |
| 690 | @aG423.1@v4 | |
| 690 | @aG423.1@v5 | |
| 701 | 0 | @a游彩云@Ayou cai yun@4著 |
| 801 | 2 | @aCN@b江苏凤凰@c20191020 |
| 905 | @b1229284-7@dG423.1@e408@f4 | |
| 彩云追月:游彩云与她的“互动教学”/游彩云著.-北京:北京师范大学出版社,2017 |
| 220页:图;24cm.-(走进广州好教育丛书.好教师系列) |
| ISBN 978-7-303-21869-1:CNY33.00 |
| 本书作者以“互动”为关键词,把互动渗透于生命成长的方方面面。 |
| ● |
| 相关链接 |
|
|
|
|
正题名:彩云追月
索取号:G423.1/408
 
预约/预借
| 序号 | 登录号 | 条形码 | 馆藏地/架位号 | 状态 | 备注 |
| 1 | 1229284 | 212292847 | 第一样本阅览室/ [索取号:G423.1/408] | 在馆 | |
| 2 | 1229285 | 212292856 | 教育系资料室/ [索取号:G423.1/408] | 在馆 | |
| 3 | 1229286 | 212292865 | 教育系资料室/ [索取号:G423.1/408] | 在馆 | |
| 4 | 1229287 | 212292874 | 第四借阅区/ [索取号:G423.1/408] | 在馆 |